Normal view
MARC view
- Measuring and Evaluating Training
Entry Topical Term
001 - CONTROL NUMBER
- control field: 122930
003 - CONTROL NUMBER IDENTIFIER
- control field: NUST
005 - DATE AND TIME OF LATEST TRANSACTION
- control field: 20240527115258.0
008 - FIXED-LENGTH DATA ELEMENTS
- fixed length control field: 240527|| aca||aabn | a|a d
040 ## - CATALOGING SOURCE
- Original cataloging agency: NUST
- Transcribing agency: NUST
150 ## - HEADING--TOPICAL TERM
- Topical term or geographic name entry element: Measuring and Evaluating Training
670 ## - SOURCE DATA FOUND
- Source citation: Work cat.: (NUST): Philips, Pulliam Patricia 122929, Measuring and Evaluating Training, 2015.
